1032 1757 1563 1635 1336 1532 1732 1033 1512 1285 1975 1617 1428 1771 1610 1360 1980 1437 1129 1887 1520 1026 1010 1799 1867 1011 1360 1270 1157 1985 1421 1409 1461 1944 1918 1055 1248 1690 1142 1781 1572 1851 1420 1720 1162 1345 1048 1986 1600 1099 1759 1957 1237 1266 1135 1389 1840 1640 1362 1838 1064 1108 1936 1623 1022 1053 1878 1789 1657 1494 1101 1500 1124 1200 1500 1009 1220 1678 1211 1692 1023 1014 1756 1014 1858 1205 1393 1901 1846 1002 1139 1912 1131 1515 1891 1576 1952 1815 1394 BCNSPRNW ULIB Ver.6.0+V

เปลี่ยนเป็นภาษาไทย

Change to English
 แสดงรายละเอียดบรรณานุกรม
  กลับหน้าหลัก

Brief Record : Get Marc (ISO 2709) : E-mail record : QR code < ปิดหน้าต่าง
LEADER : 00000nas 2200000uu 4500
001    13399114171
003     ULIB
008    120228s||||||||th 000 0 tha d
022    ^a08586101
110    ^aโรงพยาบาลศรีธัญญา
245    ^aวารสารโรงพยาบาลศรีธัญญา(วิทยาเขตนครสวรรค์)/^cโรงพยาบาลศรีธัญญา
260    ^aนนทบุรี :^bโรงพยาบาลศรีธัญญา,^cม.ป.ป.
310    ^aรายเดือน
850 ^a ULIB:campus^bปีที่ 14 ฉบับที่ 1 ;ปีที่ 15 ฉบับที่ 1 ฉ.1 ;ปีที่ 16 ฉบับที่ 1 ฉ.1
945    ^p0^l0^i800067
945    ^p0^l0^i800881
945    ^p0^l0^i801252
945    ^p0^l0^i801795
999 ^a ใช้งานได้ทุกระบบ
รายการนี้ยังไม่มีแท็ก
คุณยังไม่ได้ล็อกอิน คุณสามารถมีกิจกรรมร่วมกับเว็บไซต์ได้ แต่ต้องล็อกอินก่อน ::
  ล็อกอิน

รายการสื่อสารสนเทศ (วารสาร)

ดูแบบ: กล่อง รายการ
ARRIVED
no call number
สถานที่: ห้องสมุดวิทยาเขตสวรรค์ประชารักษ์ >วารสาร
ARRIVED
ปีที่ 14 ฉบับที่ 1
สถานที่: ห้องสมุดวิทยาเขตนครสวรรค์ >วารสาร
ARRIVED
ปีที่ 15 ฉบับที่ 1 ฉ.1
สถานที่: ห้องสมุดวิทยาเขตนครสวรรค์ >วารสาร
ARRIVED
ปีที่ 16 ฉบับที่ 1 ฉ.1
สถานที่: ห้องสมุดวิทยาเขตนครสวรรค์ >วารสาร

BibComment


ยังไม่เคยถูกคอมเมนท์

คอมเมนท์ทรัพยากรรายการนี้
  คอมเมนท์: วารสารโรงพยาบาลศ..


 Copyright 2026. Bcnsprnw @Library